000 00666nam a2200229Ia 4500
003 OSt
005 20220928134759.0
006 a|||||r|||| 00| 0
007 ta
008 220927b |||||||| |||| 00| 0 eng d
024 _a29691
037 _cTextual
040 _aSDCL
_cSDCL
_beng
041 _2eng
_aeng
082 _aL:4:56n1,N72, L2.10
100 _aGillis Steven Ed.
_9488184
245 0 _aContemporary topics in molecular immunology.
260 _aNew York
_b Plenum Press
_c1972
700 _a Inman F P Ed.
_9488185
942 _hL:4:56n1,N72, L2.10
_cTEXL
_2CC
999 _c803139
_d803139